000 00347nam a22001457a 4500
008 230612b ||||| |||| 00| 0 eng d
020 _a9781416029441
041 _aeng
080 _2THIRD EDITION
_a618
082 _a618BLA
100 _a15
101 _aGJINK
245 _aMATERNAL FETAL NEONATAL PHYSIOLOGY
_cBLACKBURN.T.S
942 _2udc
_cBK
999 _c59934
_d59934